[Event "Sparkassen-Open A"]
[Site "Heusenstamm, Martinsee"]
[Date "2021.11.21"]
[Round "7.59"]
[White "Müdder, Melanie"]
[Black "Linnemann, Caspar"]
[Result "1/2-1/2"]
[WhiteElo "1766"]
[BlackElo "1731"]
[PlyCount "55"]
[EventDate "2021.??.??"]
[WhiteTeam "SG Solingen"]
[BlackTeam "TuS Coswig"]

1. e4 c5 2. Nf3 d6 3. d4 cxd4 4. Nxd4 Nf6 5. Nc3 a6 6. h3 Nc6 7. g4 Qc7 8. g5
Nd7 9. Be3 e6 10. h4 b5 11. h5 Nde5 12. f4 Nxd4 13. Bxd4 Nc6 14. Be3 Bb7 15.
Bg2 Na5 16. Qg4 Nc4 17. Bc1 Na3 18. Qe2 b4 19. O-O Nxc2 20. Qxc2 bxc3 21. bxc3
Rc8 22. Rb1 Bc6 23. c4 Bb5 24. Be3 Qxc4 25. Qxc4 Rxc4 26. Rfc1 Rxc1+ 27. Rxc1
Be7 28. Rc7 1/2-1/2

[Event "Sparkassen-Open A"]
[Site "Heusenstamm, Martinsee"]
[Date "2021.11.21"]
[Round "7.60"]
[White "Hebauf, Markus"]
[Black "Bittner, Peter"]
[Result "0-1"]
[WhiteElo "1541"]
[BlackElo "1862"]
[PlyCount "27"]
[EventDate "2021.??.??"]
[WhiteTeam "Sfr. Kelkheim"]
[BlackTeam "SC Nied"]

1. d4 Nf6 2. c4 e6 3. Nc3 Bb4 4. Nf3 h6 5. Qc2 c5 6. e3 O-O 7. Bd3 d5 8. O-O
Nc6 9. cxd5 exd5 10. dxc5 Bg4 11. Ne2 Bxf3 12. gxf3 Ne5 13. a3 Nxf3+ 14. Kg2
0-1

[Event "Sparkassen-Open A"]
[Site "Heusenstamm, Martinsee"]
[Date "2021.11.21"]
[Round "7.61"]
[White "Mehlen, Theodor"]
[Black "Füssel, Jan Michael"]
[Result "1-0"]
[WhiteElo "1861"]
[BlackElo "1799"]
[PlyCount "99"]
[EventDate "2021.??.??"]
[WhiteTeam "SC Matt im Park"]
[BlackTeam "VSG Offenbach"]

1. e4 c5 2. Nf3 Nc6 3. Nc3 g6 4. d4 cxd4 5. Nxd4 Bg7 6. Be3 e6 7. Qd2 Nge7 8.
O-O-O a6 9. h4 h5 10. f4 d5 11. Qf2 Qa5 12. Nb3 Qc7 13. exd5 Bxc3 14. dxc6 Nd5
15. bxc3 Qxc6 16. Bd4 O-O 17. g4 e5 18. Bxe5 Bxg4 19. Rd2 Nxc3 20. Bxc3 Qxh1
21. Kb2 Rad8 22. Bg2 Rxd2 23. Qxd2 Qxh4 24. Qd4 f6 25. Qd5+ Kg7 26. Qxb7+ Rf7
27. Qxa6 Bf5 28. Bd5 Rc7 29. Qa4 Qg3 30. Qd4 Qh4 31. Nc5 Re7 32. Nd3 Rd7 33.
Bb4 Be6 34. c4 Qh2+ 35. Kb3 Bxd5 36. cxd5 Qe2 37. Nc5 Qf3+ 38. Kc4 Qf1+ 39. Nd3
Qb1 40. a3 Qa2+ 41. Kc5 Qc2+ 42. Bc3 Rc7+ 43. Kb4 Rb7+ 44. Ka5 Rf7 45. d6 Qb3
46. Bb4 Qe6 47. Nc5 Qc8 48. d7 Qd8+ 49. Ka4 Re7 50. Ba5 1-0

[Event "Sparkassen-Open A"]
[Site "Heusenstamm, Martinsee"]
[Date "2021.11.21"]
[Round "7.62"]
[White "Kürschner, Liam"]
[Black "Cors, Heinz-Friedrich"]
[Result "1-0"]
[WhiteElo "1641"]
[BlackElo "1858"]
[PlyCount "119"]
[EventDate "2021.??.??"]
[WhiteTeam "SK Langen"]
[BlackTeam "Schachforum Darmstadt"]

1. c4 Nf6 2. g3 e6 3. Nf3 b6 4. Bg2 Bb7 5. O-O Be7 6. a3 c5 7. Nc3 O-O 8. Rb1
Nc6 9. e3 Qc8 10. Qc2 d5 11. cxd5 exd5 12. d4 Rd8 13. Rd1 h6 14. h4 Qe6 15. Na2
Rac8 16. Qe2 cxd4 17. Nxd4 Nxd4 18. Rxd4 Ne4 19. Nb4 Bf6 20. Rd1 Nc5 21. Nd3
Ba6 22. Nxc5 bxc5 23. Qe1 d4 24. b4 Rb8 25. Bd2 Bd3 26. Rbc1 c4 27. exd4 Be2
28. Bf4 Bxd1 29. Qxe6 fxe6 30. Bxb8 Rxb8 31. Rxd1 Rd8 32. Rc1 Rxd4 33. Bf1 c3
34. Rxc3 Rd2 35. Rf3 Kf7 36. Bc4 Ke7 37. Rd3 Rxd3 38. Bxd3 Kd6 39. Kf1 Bc3 40.
Ke2 Bb2 41. a4 Bc3 42. b5 Kc5 43. Bc2 e5 44. h5 Kd4 45. f3 Ba5 46. Bd3 Bc7 47.
Be4 Ba5 48. g4 Bb4 49. Bc6 Ba5 50. Kf2 Bc7 51. Kg2 Ba5 52. Kh3 Ke3 53. Kg3 Be1+
54. Kg2 Ba5 55. Kh3 Bd8 56. Kg3 Bc7 57. Be4 Bd8 58. g5 Bxg5 59. a5 Bd8 60. b6
1-0

[Event "Sparkassen-Open A"]
[Site "Heusenstamm, Martinsee"]
[Date "2021.11.21"]
[Round "7.63"]
[White "Glöckler, Christian"]
[Black "Neidhardt, Helge"]
[Result "0-1"]
[WhiteElo "1397"]
[BlackElo "2070"]
[PlyCount "130"]
[EventDate "2021.??.??"]
[WhiteTeam "SC Lindenholzhausen"]
[BlackTeam "SK Marburg"]

1. e4 e5 2. Nf3 Nc6 3. Bc4 Bc5 4. c3 Nf6 5. d4 exd4 6. e5 d5 7. Bb5 Ne4 8. cxd4
Bb6 9. Nc3 O-O 10. Be3 Bg4 11. h3 Bh5 12. Qc2 Bxf3 13. gxf3 Ng5 14. Bxc6 bxc6
15. Ke2 Ne6 16. Rad1 f6 17. f4 fxe5 18. fxe5 Qh4 19. Qa4 Rad8 20. Rhg1 Qxh3 21.
Kd2 c5 22. Rg3 Qf5 23. dxc5 d4 24. cxb6 dxe3+ 25. Kc1 exf2 26. Rf1 cxb6 27. Qc4
Rd4 28. Qe2 Nc5 29. Re3 Nd3+ 30. Kb1 Nb4+ 31. Kc1 Nd3+ 32. Kb1 Nb4+ 33. Ne4
Qxe5 34. Ng3 Qf6 35. Rc3 Qg6+ 36. Ka1 Qf7 37. b3 Re8 38. Qb5 Nd5 39. Rc2 Rf4
40. Ne2 Rfe4 41. Nc3 Nxc3 42. Rxc3 Re1+ 43. Kb2 Rxf1 44. Qxf1 h6 45. Rc2 Qf6+
46. Ka3 Qd6+ 47. Kb2 Qd4+ 48. Ka3 Rf8 49. Rc4 Qe3 50. Rc7 a6 51. Qc4+ Kh8 52.
Rf7 Rxf7 53. Qxf7 Qc1+ 54. Ka4 f1=Q 55. Qe8+ Kh7 56. Qe4+ Kg8 57. Qd5+ Qf7 58.
Qd8+ Qf8 59. Qd5+ Kh8 60. b4 Qc2+ 61. Qb3 Qe8+ 62. Ka3 Qc1+ 63. Qb2 Qee3+ 64.
Ka4 Qxb2 65. b5 Qe4# 0-1

[Event "Sparkassen-Open A"]
[Site "Heusenstamm, Martinsee"]
[Date "2021.11.21"]
[Round "7.64"]
[White "Werner, Rosalie"]
[Black "Trumpp, Lothar"]
[Result "1/2-1/2"]
[WhiteElo "1746"]
[BlackElo "1961"]
[PlyCount "102"]
[EventDate "2021.??.??"]
[WhiteTeam "VSG Offenbach"]
[BlackTeam "VSG Offenbach"]

1. e4 d6 2. d4 g6 3. Nc3 Bg7 4. f4 c6 5. a4 Nf6 6. Nf3 Bg4 7. h3 Bxf3 8. Qxf3
e6 9. Bd3 Nfd7 10. Ne2 O-O 11. O-O f5 12. e5 d5 13. Be3 a5 14. g4 b6 15. gxf5
gxf5 16. Kh2 Kh8 17. Rg1 Na6 18. c3 Nc7 19. Rg5 Rg8 20. Rag1 Qe7 21. Qh5 Nf8
22. Bf2 Qe8 23. Qf3 Qf7 24. h4 Nd7 25. Qg2 Bh6 26. Rxg8+ Rxg8 27. Qxg8+ Qxg8
28. Rxg8+ Kxg8 29. Bc2 Kf7 30. Kg3 Bf8 31. Ng1 Be7 32. Nf3 h6 33. Kh3 Ne8 34.
Bd1 Ng7 35. Nd2 Ke8 36. h5 Kd8 37. Bh4 Bxh4 38. Kxh4 Kc7 39. Kg3 b5 40. b3 Kb6
41. Kf2 c5 42. Ke3 c4 43. bxc4 dxc4 44. Nb1 Ne8 45. axb5 Nc7 46. Ba4 Nd5+ 47.
Kf3 Kb7 48. Bd1 N7b6 49. Be2 a4 50. Bf1 Kc7 51. Be2 Kb7 1/2-1/2

[Event "Sparkassen-Open A"]
[Site "Heusenstamm, Martinsee"]
[Date "2021.11.21"]
[Round "7.65"]
[White "Busch, Malte"]
[Black "Fröhlich-Dill, Astrid"]
[Result "1-0"]
[WhiteElo "1769"]
[BlackElo "1848"]
[PlyCount "91"]
[EventDate "2021.??.??"]
[WhiteTeam "SC Hattersheim"]
[BlackTeam "SV Hofheim"]

1. Nc3 e5 2. Nf3 Nc6 3. d4 exd4 4. Nxd4 Nf6 5. Bg5 Bb4 6. Qd3 h6 7. Bh4 O-O 8.
O-O-O Ne5 9. Qg3 Ng6 10. Bxf6 Qxf6 11. Nd5 Qd6 12. Nxc7 Qxg3 13. hxg3 Rb8 14.
Nd5 Bc5 15. b4 Bxd4 16. Rxd4 b6 17. f4 Bb7 18. e4 Rfe8 19. Bc4 Rbc8 20. Bb3 Ne7
21. Nxe7+ Rxe7 22. Bd5 Bxd5 23. exd5 Re2 24. Rd2 Re3 25. d6 Rc4 26. a3 Rxa3 27.
Kb2 Rxg3 28. Re1 Rxb4+ 29. Kc1 Ra3 30. Re8+ Kh7 31. Rd5 Ra5 32. Rd3 Rbb5 33. c4
Rc5 34. Re7 Rxc4+ 35. Kd2 Rcc5 36. Rxf7 Rd5 37. Rxd7 Rxd3+ 38. Kxd3 Rd5+ 39.
Ke4 Rd1 40. f5 Kg8 41. Ke5 a5 42. Rb7 Kf8 43. Ke6 Re1+ 44. Kd7 Re5 45. Kc8 Re8+
46. Kc7 1-0

[Event "Sparkassen-Open A"]
[Site "Heusenstamm, Martinsee"]
[Date "2021.11.21"]
[Round "7.66"]
[White "Launert, Martin"]
[Black "Scholz, Michael"]
[Result "0-1"]
[WhiteElo "1841"]
[BlackElo "1798"]
[PlyCount "58"]
[EventDate "2021.??.??"]
[WhiteTeam "Sfr. Erbach"]
[BlackTeam "SK Mömbris"]

1. e4 d5 2. exd5 Qxd5 3. Nc3 Qa5 4. d4 Nf6 5. Nf3 Bg4 6. h3 Bh5 7. Be2 e6 8.
O-O c6 9. Ne5 Bxe2 10. Qxe2 Nbd7 11. Rd1 Be7 12. Bg5 h6 13. Bd2 Qb6 14. Bc1 Rd8
15. b3 O-O 16. Bb2 Nd5 17. Ne4 N7f6 18. Nxf6+ Nxf6 19. c4 c5 20. Ba3 Qc7 21.
Bxc5 Bxc5 22. dxc5 Qxc5 23. Nf3 a6 24. Rd3 b5 25. Rad1 Rc8 26. Rd4 Rfe8 27. Ne5
Rc7 28. R1d2 g6 29. Qf3 Qxe5 0-1

[Event "Sparkassen-Open A"]
[Site "Heusenstamm, Martinsee"]
[Date "2021.11.21"]
[Round "7.67"]
[White "Huck, Robert"]
[Black "Margaryan, Susanna"]
[Result "1-0"]
[WhiteElo "1851"]
[BlackElo "1517"]
[PlyCount "75"]
[EventDate "2021.??.??"]
[WhiteTeam "SC Königsspringer Alzenau"]
[BlackTeam "Elmshorner SC"]

1. e4 c6 2. d3 d5 3. Nd2 e5 4. Ngf3 Bg4 5. Be2 Nd7 6. O-O Ngf6 7. c3 Be7 8. h3
Bh5 9. Nh2 Bxe2 10. Qxe2 Qc7 11. Ng4 dxe4 12. dxe4 O-O-O 13. b4 Kb8 14. a4 h5
15. Ne3 g5 16. Nf5 Nf8 17. Nxe7 Qxe7 18. Nc4 g4 19. h4 N6d7 20. g3 Ng6 21. Bg5
f6 22. Be3 Rdf8 23. Rfd1 f5 24. Bg5 Qg7 25. exf5 Rxf5 26. Qd3 Rf7 27. Qd6+ Ka8
28. b5 Rc8 29. Qb4 c5 30. Qb1 Rcf8 31. Rd6 Nh8 32. Qd3 e4 33. Qxe4 Qxc3 34. Ra2
Nf6 35. Bxf6 Rxf6 36. Rd7 Qf3 37. Qe7 R6f7 38. Qd8+ 1-0

[Event "Sparkassen-Open A"]
[Site "Heusenstamm, Martinsee"]
[Date "2021.11.21"]
[Round "7.68"]
[White "Gollon, Sinan"]
[Black "Plaumann, Arvin"]
[Result "0-1"]
[WhiteElo "1309"]
[BlackElo "1613"]
[PlyCount "152"]
[EventDate "2021.??.??"]
[WhiteTeam "Karlsruher SF"]
[BlackTeam "SF Heidesheim"]

1. e4 e6 2. Nf3 d5 3. e5 c5 4. b4 cxb4 5. a3 bxa3 6. d4 Bd7 7. Bd3 Nc6 8. O-O
Nge7 9. Bxa3 h6 10. Nbd2 Nc8 11. Bxf8 Rxf8 12. c4 dxc4 13. Nxc4 N6e7 14. Be4
Bc6 15. Qb1 Bxe4 16. Qxe4 Qd5 17. Nfd2 b5 18. Ne3 Qxe4 19. Nxe4 Nc6 20. d5 Nxe5
21. dxe6 fxe6 22. Rfb1 Rb8 23. Ra5 Nf7 24. Raxb5 Rxb5 25. Rxb5 Nfd6 26. Nxd6+
Nxd6 27. Ra5 Rf7 28. Ra6 Rd7 29. f3 Ke7 30. Ng4 Nf7 31. Ra5 Rb7 32. f4 Nd6 33.
Ne5 Nb5 34. Kf2 Kf6 35. g3 Nc7 36. Kf3 a6 37. Nd7+ Ke7 38. Nc5 Rb5 39. Rxb5
axb5 40. Ke4 Ne8 41. Nd3 Kd6 42. Kd4 Nc7 43. Ke4 Nd5 44. f5 Nf6+ 45. Kf4 Nd5+
46. Ke4 exf5+ 47. Kxf5 Ne7+ 48. Ke4 g6 49. Kd4 Nf5+ 50. Kc3 Ne3 51. h3 Nd5+ 52.
Kb3 Ke6 53. g4 Kf6 54. h4 Ne3 55. g5+ hxg5 56. hxg5+ Kxg5 57. Kb4 Kf5 58. Kxb5
g5 59. Nf2 Ke5 60. Kc5 Nc2 61. Kc4 Ne1 62. Kc3 Nf3 63. Kd3 Ng1 64. Ke3 Kf5 65.
Nh1 Kg4 66. Kf2 Nh3+ 67. Kg2 Nf4+ 68. Kh2 Kf3 69. Kg1 Ne2+ 70. Kh2 g4 71. Nf2
Kxf2 72. Kh1 Nd4 73. Kh2 g3+ 74. Kh1 g2+ 75. Kh2 g1=Q+ 76. Kh3 Qg3# 0-1

[Event "Sparkassen-Open A"]
[Site "Heusenstamm, Martinsee"]
[Date "2021.11.21"]
[Round "7.69"]
[White "von Beckh, Frieda"]
[Black "Faber, Lutz"]
[Result "1-0"]
[WhiteElo "1508"]
[BlackElo "1824"]
[PlyCount "79"]
[EventDate "2021.??.??"]
[WhiteTeam "SK Bad Homburg"]
[BlackTeam "Zwickauer SC"]

1. e4 g6 2. d4 d6 3. Nc3 Bg7 4. f4 e5 5. fxe5 dxe5 6. d5 Ne7 7. Nf3 O-O 8. Bc4
Nd7 9. Be3 a6 10. Qd2 Nf6 11. Bh6 Qd6 12. Bxg7 Kxg7 13. O-O-O b5 14. Bb3 b4 15.
Na4 Nxe4 16. Qe3 f5 17. h4 h6 18. g4 fxg4 19. Nh2 Nf2 20. Rdf1 Nxh1 21. Rxf8
Kxf8 22. Qxh6+ Kg8 23. Nc5 Nf2 24. h5 Bf5 25. hxg6 Nxg6 26. Ne6 Kf7 27. Qg7+
Ke8 28. Ba4+ c6 29. Bxc6+ Qxc6 30. dxc6 Bxe6 31. Qxg6+ Ke7 32. Qg5+ Kf7 33.
Qxe5 Rf8 34. c7 Bd7 35. Qf4+ Ke8 36. Qe3+ Kf7 37. Qxf2+ Kg8 38. Qc5 Bc8 39.
Qc4+ Kh7 40. Nxg4 1-0